| 000 | 01124nam a2200277 i 4500 | ||
|---|---|---|---|
| 003 | IT-RoINE | ||
| 005 | 20190725085832.0 | ||
| 008 | 011130s2004 sp r 000 | spa d | ||
| 020 | _a8470308777 | ||
| 040 |
_aCU-SB _dUPSA _dIT-RoINE _cesslup IT-RoINE |
||
| 100 | 1 |
_aLuzuriaga, Lorenzo, _916380 _d1889-1959 |
|
| 245 | 1 | 3 |
_aLa escuela única / _cLorenzo Luzuriaga ; edición y estudio introductorio de Herminio Barreiro Rodríguez. |
| 260 |
_aMadrid : _bBiblioteca Nueva, _c2004. |
||
| 300 |
_a141 p. ; _c21 cm. |
||
| 336 |
_2rdacontent _atext |
||
| 337 |
_2rdamedia _aunmediated |
||
| 338 |
_2rdacarrier _avolume |
||
| 490 | 1 |
_aMemoria y crítica de la educación. _aSerie clasicos de la educación ; _v2 |
|
| 504 | _aBibliografía: p. 139-141. | ||
| 650 | 0 | 4 |
_aEducación _xPolítica gubernamental _zEspaña _y1901-1945 _961797 |
| 650 | 0 | 4 |
_aEnseñanza _xReforma _zEspaña _y1901-1945 _961798 |
| 650 | 0 | 4 |
_aEscuelas públicas _zEspaña _y1901-1945 _961799 |
| 700 | 1 |
_aBarreiro Rodríguez, Herminio, _d1937- _961800 |
|
| 830 | 0 |
_918470 _aMemoria y crítica de la educación. _pSerie clásicos de la educación ; _v2 |
|
| 942 | _cMTS | ||
| 999 |
_c31526 _d31526 |
||